Score 0/20 Timer 03:00
0 Plays Today
Scrambled Word Halloween Word % Correct
KOOSPYSpooky
95.2%
HOSGTGhost
95.1%
LABCK ACTBlack Cat
94%
CRIKTTrick
93.4%
LUFL OMONFull Moon
93.1%
DANCYCandy
92%
MIRG PEERARGrim Reaper
89.4%
EBOZMIZombie
88.4%
PAVIMREVampire
87.6%
RAYCSScary
85.9%
Scrambled Word Halloween Word % Correct
NHDTEUA USEOHHaunted House
85.1%
MONDEDemon
84.8%
CTSIWEH RWEBWitches Brew
79.8%
ATTERTreat
79.6%
KIPPNUMPumpkin
79.1%
TINGDHIMMidnight
59%
USECTOMCostume
53.9%
LENOSTEKSkeleton
44.9%
NOMBEAGYBogeyman
14.2%
LITESPERTOGPoltergeist
13.9%
Remove Ads.
Support Sporcle.
Get the best of Sporcle when you Go Orange. This ad-free experience offers more features, more stats, and more fun while also helping to support Sporcle. Thank you for becoming a member.

You're not logged in!

Compare scores with friends on all Sporcle quizzes.
OR
Log In

Show Comments

Extras

Top Quizzes Today


Score Distribution

Your Account Isn't Verified!

In order to create a playlist on Sporcle, you need to verify the email address you used during registration. Go to your Sporcle Settings to finish the process.

Report this User

Report this user for behavior that violates our Community Guidelines.

Details: